| 000 | 00597 a2200217 4500 | ||
|---|---|---|---|
| 001 | sjds | ||
| 003 | sjds | ||
| 005 | 20240207112946.0 | ||
| 008 | 240207b |||||||| |||| 00| 0 spa d | ||
| 020 | _a9781472351494 | ||
| 020 | _a1472351495 | ||
| 040 | _csjds | ||
| 041 | _aspa | ||
| 100 | _aRandall, Ronne | ||
| 245 |
_aMe divierto con la Biblia / _c[Randall Ronne] |
||
| 246 | _aMas De 150 Me Divierto Con La Biblia | ||
| 260 |
_bParragon Books, _c2014 |
||
| 300 | _a192 pgs | ||
| 500 | _aAlternate title: Mas De 150 Me Divierto Con La Biblia Cataloging info from websites | ||
| 942 | _cBK | ||
| 999 |
_c24681 _d24681 |
||